Datum a čas kvízu
36.5
Celkem bodů
Celkový počet nahraných bodů na tomto kvízu bez doplňovacích otázek.
1.
Pořadí na kvízu
Konečné umístění týmu na tomto kvízu.
Zaznamenané odpovědi
| # | Otázka | Odpověď | Body | Výsledky |
|---|---|---|---|---|
| 1. | Už Vám někdy hořela koudel u z... | Šumperk | 0 | |
| 2. | Mezinárodní skupina vědců přiš... | Skrillex | 0 | |
| 3. | Během návštěvy komunitního stř... | Fortnite | 1 | |
| 4. | Minulý týden bylo oznámeno, že... | Prima a CNN | 1 | |
| 5. | Apríl, nebo nechtěný omyl? Fot... | Místo Slavie zval na souboj se Spartou. | 1 | |
| 6. | V tomto tématu ověříme vaše zn... | pouze jelení zvěř | 0 | |
| 7. | Vyberte jedno psí plemeno, kte... | A | 0 | |
| 8. | Která zvířata je možno spatřit... | bílí jeleni | 1 | |
| 9. | Kolikaterák je tento jelen? | desaterák (nerovný) | 1 | |
| 10. | Co v myslivecké mluvě znamená... | oči | 1 |